| 000 | 00385nam a2200145Ia 4500 | ||
|---|---|---|---|
| 100 | _aLepore/Domenico/ cohen/Oded | ||
| 942 | _cBK | ||
| 366 | _f20 | ||
| 245 | _aDeming Goldratt:The theory of constraints and the system of profound knowledge | ||
| 260 |
_bProductive and quality pub _c1999 |
||
| 082 |
_a658.1511 _bLEP |
||
| 300 | _a179 | ||
| 546 |
_aENGLISH _cInfo.Tech |
||
| 999 |
_c17899 _d17899 |
||